Derecho internacional marítimo / (Record no. 45706)

MARC details
000 -LEADER
campo de control de longitud fija 00590nam a2200181 i 4500
001 - NÚMERO DE CONTROL
campo de control 45706
003 - IDENTIFICADOR DE NÚMERO DE CONTROL
campo de control ES-MaACL
005 - FECHA Y HORA DE LA ÚLTIMA TRANSACCIÓN
campo de control 20251222184219.0
007 - CAMPO FIJO DE DESCRIPCIÓN FÍSICA--INFORMACIÓN GENERAL
campo de control de longitud fija t|
008 - DATOS DE LONGITUD FIJA--INFORMACIÓN GENERAL
campo de control de longitud fija 030326s1961 sp ||||1| spa d
100 1# - ENTRADA PRINCIPAL--NOMBRE DE PERSONA
Nombre de persona Colombos, C. John.
9 (RLIN) 39836
245 10 - MENCIÓN DEL TÍTULO
Título Derecho internacional marítimo /
Mención de responsabilidad, etc. C. John Colombos ; traducción del inglés y prólogo por José Luis de Azcárraga.
260 ## - PUBLICACIÓN, DISTRIBUCIÓN, ETC.
Lugar de publicación, distribución, etc. Madrid :
Nombre del editor, distribuidor, etc. Aguilar,
Fecha de publicación, distribución, etc. 1961.
300 ## - DESCRIPCIÓN FÍSICA
Extensión XXIV, 640 p. ;
Dimensiones 25 cm.
700 0# - ENTRADA AGREGADA--NOMBRE PERSONAL
Nombre de persona Azcárraga y Bustamante, José Luis de
9 (RLIN) 24260
852 ## - LOCALIZACIÓN
Ubicación ES-MaACL
Número de control de estantería C-20421
Sublocalización o colección R.48791
Holdings
Estatus retirado Estado de pérdida Estado de daño No para préstamo Biblioteca de origen Biblioteca actual Ubicación en estantería Fecha de adquisición Fuente de adquisición Total de préstamos Signatura topográfica completa Código de barras Visto por última vez Precio de reemplazo Tipo de ítem Koha
        Biblioteca del Ateneo de Madrid Biblioteca del Ateneo de Madrid Galería 17/01/2008     C-20421 1048084 23/02/2023 23/02/2023 Libro impreso